Euro 2024 Best Represented Clubs - Statistics

General Stats
  • This quiz has been taken 178 times
  • The average score is 28 of 41
Answer Stats
# Country Team % Correct
10 Germany Bayern Munich
97%
14 Italy Inter Milan
97%
13 England Manchester City
97%
12 France Paris Saint-Germain
97%
12 Spain Real Madrid
97%
8 Italy AC Milan
95%
11 Spain Barcelona
95%
8 Germany Borussia Dortmund
94%
10 Germany Bayer Leverkusen
93%
10 England Arsenal
92%
8 England Manchester United
92%
9 Italy Juventus
91%
9 England Liverpool
90%
5 Netherlands Ajax
84%
5 England Chelsea
84%
7 Spain Atlético Madrid
82%
11 Germany RB Leipzig
82%
10 Czech Republic Slavia Praha
82%
6 Italy Napoli
78%
9 Italy Roma
76%
6 Czech Republic Sparta Praha
74%
6 Ukraine Dynamo Kyiv
73%
7 Netherlands Feyenoord
67%
5 Portugal Benfica
66%
7 Türkiye Fenerbahçe
62%
9 Italy Bologna
61%
7 Ukraine Shakhtar Donetsk
58%
6 Belgium Anderlecht
57%
5 Germany Stuttgart
56%
5 England Crystal Palace
52%
8 Germany Wolfsburg
45%
5 England Brighton
43%
5 Greece Panathinaikos
43%
6 Spain Real Sociedad
39%
6 Italy Torino
39%
7 England Brentford
33%
6 Germany Hoffenheim
33%
5 England Fulham
32%
5 Austria Sturm Graz
32%
5 Italy Hellas Verona
18%
5 Italy Empoli
14%
No matching quizzes found
Score Distribution
Percent of People with Each Score
Percentile by Number Answered
Your Score History
You have not taken this quiz